NBA players by college - Statistics

General Stats
  • This quiz has been taken 158 times
  • The average score is 7 of 15
Answer Stats
Hint Answer % Correct
Murray state PG Ja Morant
96%
Oklahoma PG Trae young
86%
Georgia SG Anthony Edwards
79%
Oklahoma st PG Cade Cunningham
75%
Arizona state SG James Harden
69%
Davidson PG Steph Curry
57%
Kentucky SG Devin booker
55%
San Diego st SF Kawhi Leonard
52%
U.C. Berkeley SG Jaylen brown
36%
Michigan SF Franz Wagner
34%
Kansas SF Andrew Wiggins
25%
UCLA PG Russel Westbrook
18%
Tyler junior college SF Jimmy butler
7%
California St SF Paul George
5%
Louisville SG Donavan Mitchell
4%
No matching quizzes found
Score Distribution
Percent of People with Each Score
Percentile by Number Answered
Your Score History
You have not taken this quiz